000 00676nam a22001817a 4500
003 UA-OsUOA
001 15946
007 ta
008 20031214b un ||||| |||| 00| 0 ukr d
100 _aНовак В.
942 _cSA
040 _aUA-OsUOA
_cUA-OsUOA
_dUA-OsUOA
245 _aЗа покликанням і в душі - вчитель
_b[Бесіда з начальником упр. освіти Рівнен. міськвиконкому , деп. міськради В.Новаком]/Розмовляла В.Погонська
300 _aС.4
955 _a0
773 0 _w0
_tСім днів
_dРівне
_d2003
_g№45/7 листоп./
650 7 _aКадри
_2UDC
999 _c302111
_d302111